L'Économie des industries chimiques

Sparad:
Bibliografiska uppgifter
Huvudupphovsman: Lagache, Michel
Materialtyp: Bok
Språk:Undetermined
Publicerad: Paris Press Universitaires de France 1972
Ämnen:
Taggar: Lägg till en tagg
Inga taggar, Lägg till första taggen!
Thư viện lưu trữ: Trung tâm Học liệu Trường Đại học Cần Thơ
LEADER 00499nam a2200181Ia 4500
001 CTU_82564
008 210402s9999 xx 000 0 und d
082 |a 660 
082 |b L173 
100 |a Lagache, Michel 
245 0 |a L'Économie des industries chimiques 
245 0 |c Michel Lagache 
260 |a Paris 
260 |b Press Universitaires de France 
260 |c 1972 
650 |a Chemical industries 
904 |i QHieu(sửa) 
980 |a Trung tâm Học liệu Trường Đại học Cần Thơ